Cultura, ciudadanía y desarrollo en tiempos de globalización /
Shranjeno v:
| Glavni avtor: | |
|---|---|
| Format: | Texto |
| Teme: | |
| Oznake: |
Označite
Brez oznak, prvi označite!
|
MARC
| LEADER | 00000 a a2200000 04500 | ||
|---|---|---|---|
| 001 | 14873 | ||
| 003 | |||
| 040 | |||
| 100 | |a Hopenhayn, Martín | ||
| 245 | |a Cultura, ciudadanía y desarrollo en tiempos de globalización / |c Martín Hopenhayn | ||
| 650 | |a CULTURA | ||
| 650 | |a SOCIEDAD CIVIL | ||
| 650 | |a DESARROLLO ECONOMICO Y SOCIAL | ||
| 650 | |a LIBERALIZACION DEL INTERCAMBIO | ||
| 650 | |a MEDIOS DE COMUNICACION | ||
| 650 | |a INDUSTRIA | ||
| 650 | |a EQUIDAD SOCIAL | ||
| 773 | |g número 5; páginas 30-49 | ||
| 999 | |c 33223 |d 33223 | ||
